LEADER 00739nam0-22002411i-450- 001 990001242360403321 035 $a000124236 035 $aFED01000124236 035 $a(Aleph)000124236FED01 035 $a000124236 100 $a20000920d1989----km-y0itay50------ba 101 0 $aeng 200 1 $aOptimization$eProceedings of the fifth French-German Conference held in Castel-Novel (Varetz), France, Oct. 3-8, 1988.$fby DOLECKI S. 210 $aBerlin [etc.]$cSpringer-Verlag$d1989. 225 1 $aLecture Notes in Mathematics$v1405 801 0$aIT$bUNINA$gRICA$2UNIMARC 901 $aBK 912 $a990001242360403321 952 $aC-20-(1405$b7056$fMA1 959 $aMA1 996 $aOptimization$980052 997 $aUNINA DB $aING01 LEADER 01685nam0 22003493i 450 001 PUV0275784 005 20251003044312.0 010 $a0201575949 100 $a20080408d1995 ||||0itac50 ba 101 | $aeng 102 $aus 181 1$6z01$ai $bxxxe 182 1$6z01$an 200 1 $aDesigning and building parallel programs$econcepts and tools for parallel software engineering$fIan T. Foster 210 $aReading (MA) [etc.]$cAddison-Wesley$dc1995 215 $aXIII, 381 p. [8] c. di tav. color.$cill.$d25 cm 300 $aBibliografia: P. 353-367. 606 $aProgrammazione parallela$2FIR$3UFIC014060$9E 676 $a005.2$9PROGRAMMAZIONE PER SPECIFICI TIPI DI ELABORATORE, PER SPECIFICI SISTEMI OPERATIVI, PER SPECIFICHE INTERFACCE UTENTE$v14 676 $a005.2$9PROGRAMMAZIONE PER SPECIFICI TIPI DI ELABORATORE, PER SPECIFICI SISTEMI OPERATIVI, PER SPECIFICHE INTERFACCE UTENTE.$v22 696 $aTecnica di programmazione parallela 699 $aProgrammazione parallela$yTecnica di programmazione parallela 700 1$aForster$b, Ian T.$f <1959- >$3PUVV156917$4070$0447865 801 3$aIT$bIT-000000$c20080408 850 $aIT-BN0095 901 $bNAP 01$cSALA $n$ 901 $bNAP 01$cSALA DING $n$ 912 $aPUV0275784 950 0$aBiblioteca Centralizzata di Ateneo$d 01SALA 005.2 FOS de$e 0104 0000025065 VMA 1 v.$fY $h20150928$i20150928$b1 v.$c1 v.$d 01SALA DING 005.2 FOS.de$e 0102 0000028595 VMA A4 1 v.$fY $h19971215$i19971215 977 $a 01 996 $aDesigning and building parallel programs$9104123 997 $aUNISANNIO